| 000 | 00000nam 2200000zi 4500 |
| 001 | 9.945382 |
| 003 | CaOODSP |
| 005 | 20241120133335 |
| 006 | m o d f |
| 007 | cr |n||||||||| |
| 008 | 241120e197712##qucb ob f000 0 fre d |
| 040 | |aCaOODSP|bfre|erda|cCaOODSP |
| 043 | |an-cn-qu |
| 086 | 1 |aEn153-119/11F-PDF |
| 100 | 1 |aGouin, Denyse, |eauteur. |
| 245 | 10|aÉtude de la qualité générale de l'eau / |cDenyse Gouin et Denise Malo. |
| 264 | 1|a[Québec] : |b[Pêches et Environnement Canada], |cDécembre 1977. |
| 300 | |a1 ressource en ligne (363 pages, 13 pages non-numérotés) : |bcartes. |
| 336 | |atexte|btxt|2rdacontent/fre |
| 337 | |ainformatique|bc|2rdamedia/fre |
| 338 | |aressource en ligne|bcr|2rdacarrier/fre |
| 490 | 1 |aRapport technique ; |vNo. 11 |
| 500 | |aÉdition numérisée de l’imprimé [par Environnement et Changement climatique Canada]. |
| 500 | |a« Rapport soumis au Comité d'étude sur le fleuve Saint-Laurent par les Services de protection de l'environnement. » |
| 504 | |aComprend des références bibliographiques (pages 97-99). |
| 520 | |a« L'étude de la qualité générale de l'eau vise à définir la qualité de l'eau à proximité des berges en fonction des utilisations qu'on peut faire de cette dernière. Les deux rapports techniques (Gouin, 1976, Gouin et Malo, 1977) servant de pilier à ce rapport synthèse, comprennent une énumération des critères de qualité en fonction de différentes utilisations de la ressource eau. Dans ce rapport, nous ne considérerons que le plein usage de l'eau. Cette notion de plein usage englobe les critères les plus sévères parmi les différentes utilisations considérées précédemment »--Introduction. |
| 650 | 6|aEau|xPollution|zSaint-Laurent, Bassin du. |
| 650 | 6|aEau|xQualité|zSaint-Laurent, Bassin du. |
| 650 | 0|aWater|xPollution|zSaint Lawrence River Watershed. |
| 650 | 0|aWater quality|zSaint Lawrence River Watershed. |
| 710 | 2 |aComité d'étude sur le fleuve Saint-Laurent (Canada), |eorganisme de publication. |
| 710 | 1 |aCanada. |bPêches et environnement Canada, |eorganisme de publication. |
| 710 | 1 |aQuébec (Province). |bServices de protection de l'environnement, |eorganisme de publication. |
| 830 | #0|aRapport technique (Comité d'étude sur le fleuve Saint-Laurent (Canada))|vNo. 11.|w(CaOODSP)9.939021 |
| 856 | 40|qPDF|s4773 Ko|uhttps://publications.gc.ca/collections/collection_2024/eccc/en153/En153-119-11-fra.pdf |